000 01088nam a22003377a 4500
001 BR0003575
003 BR-BrBNA
005 20230928100734.0
007 ta
008 230509b bl.||||| |||| 00| 0 por d
040 _aBR-BrBNA
_bpor
_cBiblioteca Nacional de Agricultura
041 _a(Por)
072 _aH60
_b3876
090 _ 3876 BR0003575
100 1 _aCortez, M.G.
110 1 _aEscola Superior de Agricultura Luiz de Queiroz, Piracicaba, SP (Brasil)
_0Tese (Doutor em Agronomia)
245 1 _aResistencia de biotipos de Brachiaria plantaginea (Link)Hitchc. a herbicidas inibidores da acetil coenzima a carboxilase
260 3 _aPiracicaba, SP (Brasil):
_c2000.
300 _a214 p.
500 _aSummaries (Eng, Por); 29 tables; Several bibliography; 26 illus.
650 _aPapua
650 _aBiotipo
650 _aHerbicida
650 _aCarboxilase
650 _aInibidor de Enzima
650 _aGenetica Vegetal
650 _aPopulacao de Planta
650 _aResistencia a Produtos Quimicos
909 _a202309
_bLucia
_c55
_dLucia Elande
942 _cBK
999 _c62575
_d62575